Catalog

Record Details

Catalog Search



Representation matters / Jill Keppeler.

Keppeler, Jill(author, Author, Author).

Available copies

  • 1 of 1 copy available at LARL/NWRL Consortium. (Show)
  • 1 of 1 copy available at Lake Agassiz Regional Library.

Current holds

0 current holds with 1 total copy.

Show Only Available Copies
Location Call Number / Copy Notes Barcode Shelving Location Status Due Date
Crookston Public Library J 302.2308 KEP (Text) 33500014362842 New Available -

Record details

  • ISBN: 9781499457100
  • ISBN: 1499457103
  • ISBN: 9781499457094
  • ISBN: 149945709X
  • Physical Description: 24 pages : illustrations ; 21 cm
  • Publisher: Buffalo : PowerKids Press, 2025.

Content descriptions

Bibliography, etc. Note:
Includes bibliographical references and index.
Formatted Contents Note:
Just like you -- Represented -- Stereotypes -- ... Read More
Summary, etc.:
"It's always cool to see someone like you on a TV ... Read More
Target Audience Note:
Grades 4-6 PowerKids Press.
Subject: Mass media and people with disabilities > Juvenile literature.
LDR 02977cam a22005418i 4500
001484883
003LARL_NWRL_CONSORTIUM
00520260414142326.0
008250723s2025 nyua j b 001 0 eng
007t|
010 . ‡a 2025032664
040 . ‡aDLC ‡beng ‡erda ‡cDLC ‡dOCLCO ‡dHCO
020 . ‡a9781499457100 ‡qlibrary binding
020 . ‡a1499457103
020 . ‡a9781499457094 ‡qpaperback
020 . ‡a149945709X
020 . ‡z9781499457117 ‡qebook
035 . ‡a(OCoLC)1528853627
042 . ‡apcc
08200. ‡a302.23087 ‡223/eng/20250723
1001 . ‡aKeppeler, Jill ‡eauthor ‡4aut ‡4http://id.loc.gov/vocabulary/relators/aut ‡1http://id.loc.gov/rwo/agents/no2015170115.
24510. ‡aRepresentation matters / ‡cJill Keppeler.
264 1. ‡aBuffalo : ‡bPowerKids Press, ‡c2025.
300 . ‡a24 pages : ‡billustrations ; ‡c21 cm
334 . ‡asingle unit ‡bmono ‡0http://id.loc.gov/vocabulary/issuance/mono
336 . ‡atext ‡btxt ‡2rdacontent ‡0http://id.loc.gov/vocabulary/contentTypes/txt
337 . ‡aunmediated ‡bn ‡2rdamedia ‡0http://id.loc.gov/vocabulary/mediaTypes/n
338 . ‡avolume ‡bnc ‡2rdacarrier ‡0http://id.loc.gov/vocabulary/carriers/nc
353 . ‡abibliography ‡bbibliography ‡0http://id.loc.gov/vocabulary/msupplcont/bibliography
353 . ‡aindex ‡bindex ‡0http://id.loc.gov/vocabulary/msupplcont/index
4900 . ‡aDisability pride
504 . ‡aIncludes bibliographical references and index.
50500. ‡tJust like you -- ‡tRepresented -- ‡tStereotypes -- ‡tThrough the years -- ‡tNot your inspiration! -- ‡tPlaying the part -- ‡tDrawn this way -- ‡tRolling into the spotlight
520 . ‡a"It's always cool to see someone like you on a TV or movie screen or read about them in a book. But not everyone gets this chance as much as others do! It's been a slow process to see more diverse characters with disabilities in various forms of media, but there has been progress in recent years. This engaging book examines the history and impact of disability representation, along with possibilities for the future, with full-color photos and fact boxes highlighting milestones throughout the way"-- Provided by publisher.
521 . ‡aGrades 4-6 ‡bPowerKids Press.
650 0. ‡aMass media and people with disabilities ‡vJuvenile literature.
758 . ‡1http://id.loc.gov/resources/instances/in00024286046
758 . ‡4http://id.loc.gov/ontologies/bibframe/instanceOf ‡1http://id.loc.gov/resources/works/in00024286046
884 . ‡aDLC bibframe2marc v2.10 ‡g20250723 ‡qDLC ‡uhttps://github.com/lcnetdev/bibframe2marc/releases/tag/v2.10
901 . ‡a484883 ‡bAUTOGEN ‡c484883 ‡tbiblio

Additional Resources